| 000 | 00796nam a22001697a 4500 | ||
|---|---|---|---|
| 008 | 090818t xxu||||| |||| 00| 0 eng d | ||
| 020 | _a9772811995 | ||
| 082 |
_222 _a614.0962 _bف ى ا |
||
| 245 |
_aالصحة فى مصر: _b/الواقع وسيناريوهات المستقبل حتى عام 2020 _cسمير فياض |
||
| 260 |
_aالقاهرة: _bالمكتبة الاكاديمية، _c2002 |
||
| 300 |
_a739ص: _bايض؛ _c26سم. |
||
| 504 |
_aببليوجرافية: ص 723 - 739 _b |
||
| 650 |
_98516 _aالصحة العامة _z- مصر |
||
| 650 |
_98531 _aالرعاية الصحية |
||
| 942 |
_2ddc _cBB |
||
| 999 |
_c12635 _d12635 |
||